000 00722cam a22002413a 4500
001 699
003 PGUSA
005 20140828082951.0
008 961001s1996||||xxu|||||s|||||000 | eng d
040 _aPGUSA
_beng
042 _adc
050 4 _aDA
100 1 _aDickens, Charles,
_d1812-1870
245 1 2 _aA Child's History of England
_h[electronic resource] /
_cCharles Dickens
260 _bProject Gutenberg,
_c1996
506 _aPublic domain in the USA.
516 _aElectronic text
653 _aGreat Britain -- History -- Juvenile literature
700 1 _aTownsend, F. H.
_q(Frederick Henry),
_d1868-1920
830 0 _aProject Gutenberg
_v699
856 4 0 _uhttp://www.gutenberg.org/ebooks/699
942 _cEB
999 _c230050
_d230050